Modely struktur v chemii názorný výklad chemické vazby

Gespeichert in:
Bibliographische Detailangaben
1. Verfasser: Jenšovský, Lubor
Format: Buch
Sprache:Tschechisch
Veröffentlicht: Praha SPN 1968
Online-Zugang:Im OPAC anzeigen
Tags: Tag hinzufügen
Keine Tags, Fügen Sie das erste Tag hinzu!

MARC

LEADER 00000nam a2200000 a 4500
001 vtls000309670
003 VRT
005 20260127134423.0
008 060711s1968 cs cze c
035 |a UKB000324130 
040 |a BAA001  |b slo  |c SK-BrSCK  |e AACR2 
041 1 |a cze 
044 |a cs  |c CS 
100 1 |a Jenšovský, Lubor 
245 0 0 |a Modely struktur v chemii  |b názorný výklad chemické vazby  |c Lubor Jenšovský 
260 |a Praha  |b SPN  |c 1968 
300 |a 135 s  |b il 
910 |a ukb 
942 |2 udc  |c 12 
949 |6 1800216548  |a 22.D.45639  |b PV.11015-68 
999 |c 12404  |d 12404